00392nam a2200133 a 4500008004100000050001500041100002400056245006900080260003700149300002200186350000900208650001700217700002400234111118s1970 ||||||||||||||||| || u aQH 345 Nel aAlbert L. Lehninger10aBiochemistry: the molecular basis of cell structure and function aNew YorkbWorth publishersc1970 axiii, 833p.: ill. a0.00 aBIOCHEMISTRY aLehninger, Albert L